World Cities whose Closest Larger City is in another Country - Statistics

General Stats
  • This quiz has been taken 31 times
  • The average score is 49 of 138
Answers on the Map
Answers color-coded by a green-red scale on the quiz's map according to % correct below.
 
Answer Stats
D2L latitude longitude Country population City % Correct
181 38.49457 43.38323 Turkey 371,713 Van
96%
198 49.27341658 -123.1216442 Canada 2,725,000 Vancouver
96%
334 42.32996014 -83.08005579 United States 5,700,000 Detroit
88%
90 50.64996909 3.080008096 France 1,290,000 Lille
88%
2,479 33.98997825 -118.1799805 United States 17,700,000 Los Angeles
88%
10 31.77998395 -106.5099952 United States 1,030,000 El Paso
85%
405 45.49999921 -73.58329696 Canada 4,200,000 Montreal
85%
36 32.50001752 -117.079996 Mexico 1,920,000 Tijuana
85%
253 22.4949693 88.32467566 India 16,400,000 Kolkata
81%
155 43.70313 7.26608 France 338,620 Nice
81%
552 21.03332725 105.8500142 Vietnam 3,825,000 Hanoi
77%
303 38.43614968 27.15179401 Turkey 3,000,000 Izmir
77%
342 45.77000856 4.830030475 France 1,980,000 Lyon
77%
28 55.60587 13.00073 Sweden 301,706 Malmö
77%
619 49.8844 -97.14704 Canada 632,063 Winnipeg
77%
101 42.87997825 -78.88000208 United States 1,350,000 Buffalo
73%
313 37.40501528 -5.980007366 Spain 1,330,000 Seville
73%
958 39.92889223 116.3882857 China 20,000,000 Beijing
65%
423 31.55997154 74.35002478 Pakistan 12,200,000 Lahore
65%
627 20.96663881 -89.61663355 Mexico 1,110,000 Mérida
65%
398 18.44002301 -66.12997929 Puerto Rico 2,050,000 San Juan
65%
195 40.64361 22.93086 Greece 354,290 Thessaloníki
65%
443 51.1801 71.44598 Kazakhstan 1,020,000 Astana
62%
127 30.51352378 47.81355668 Iraq 1,440,000 Basra
62%
112 49.19522 16.60796 Czech Republic 369,559 Brno
62%
443 21.96998842 96.08502885 Myanmar 1,480,000 Mandalay
62%
308 -4.040026022 39.68991817 Kenya 1,200,000 Mombasa
62%
340 36.34500246 43.14500443 Iraq 1,400,000 Mosul
62%
182 35.76727 -5.79975 Morocco 1,080,000 Tangier
62%
245 43.10562 131.87353 Russia 587,022 Vladivostok
62%
241 35.08449 -106.65114 United States 559,121 Albuquerque
58%
274 16.06778 108.22083 Vietnam 752,493 Da Nang
58%
422 -11.6800248 27.48001745 Democratic Republic of the Congo 2,050,000 Lubumbashi
58%
294 49.83826 24.02324 Ukraine 717,803 Lviv
58%
342 3.579973978 98.65004024 Indonesia 3,525,000 Medan
58%
344 10.95998863 -74.79996688 Colombia 2,050,000 Barranquilla
54%
387 26.42819175 50.09967037 Saudi Arabia 2,375,000 Dammam
54%
126 54.70649 20.51095 Russia 434,954 Kaliningrad
54%
310 4.810002257 7.010000772 Nigeria 2,200,000 Port Harcourt
54%
844 -30.05001463 -51.20001205 Brazil 4,100,000 Porto Alegre
54%
165 47.23464785 39.7126558 Russia 1,290,000 Rostov
54%
210 33.59501528 130.4100138 Japan 2,700,000 Fukuoka
50%
619 28.09973 -15.41343 Spain 381,847 Las Palmas de Gran Canaria
50%
183 -32.88333006 -68.81661117 Argentina 1,070,000 Mendoza
50%
1,291 55.02996014 82.96004187 Russia 1,690,000 Novosibirsk
50%
296 19.61745 37.21644 Sudan 489,725 Port Sudan
50%
361 -16.39889 -71.535 Peru 841,130 Arequipa
46%
241 28.63528 -106.08889 Mexico 809,232 Chihuahua
46%
562 31.69037701 -106.4900481 Mexico 1,470,000 Ciudad Juárez
46%
275 5.413613156 100.3293679 Malaysia 2,050,000 George Town
46%
626 26.20717165 127.6729716 Japan 1,210,000 Naha
46%
1,786 43.80501223 87.57500565 China 3,975,000 Ürümqi
46%
194 43.21667 27.91667 Bulgaria 312,770 Varna
46%
500 48.71000999 44.49996049 Russia 1,410,000 Volgograd
46%
121 44.18073 28.63432 Romania 303,399 Constanţa
42%
522 52.29778 104.29639 Russia 586,695 Irkutsk
42%
244 20.02083 -75.82667 Cuba 555,865 Santiago de Cuba
42%
127 53.42894 14.55302 Poland 407,811 Szczecin
42%
449 -19.84361 34.83889 Mozambique 530,604 Beira
38%
702 -3.74912 -73.25383 Peru 437,620 Iquitos
38%
218 26.20303754 -98.22972538 United States 1,300,000 McAllen
38%
119 45.75372 21.22571 Romania 315,053 Timişoara
38%
186 36.99498863 35.32000403 Turkey 1,720,000 Adana
35%
199 31.61332 65.71013 Afghanistan 391,190 Kandahār
35%
359 48.48271 135.08379 Russia 579,000 Khabarovsk
35%
671 5.9749 116.0724 Malaysia 457,326 Kota Kinabalu
35%
400 38.08629152 46.30124589 Iran 1,760,000 Tabriz
35%
521 -23.65236 -70.3954 Chile 309,832 Antofagasta
31%
95 37.07498374 37.38499426 Turkey 1,660,000 Gaziantep
31%
245 9.56 44.065 Somalia 477,876 Hargeisa
31%
207 11.84996014 13.16001298 Nigeria 1,130,000 Maiduguri
31%
560 41.80497927 123.4499735 China 7,850,000 Shenyang
31%
173 34.09997154 74.81500932 India 1,530,000 Srinagar
31%
50 31.63999249 74.86999304 India 1,350,000 Amritsar
27%
122 52.09755 23.68775 Belarus 300,715 Brest
27%
228 57.70716 11.96679 Sweden 572,799 Göteborg
27%
97 47.16667 27.6 Romania 318,012 Iaşi
27%
200 39.65417 66.95972 Uzbekistan 319,366 Samarkand
27%
286 51.72998069 39.26999548 Russia 1,050,000 Voronezh
27%
619 -20.44278 -54.64639 Brazil 729,151 Campo Grande
23%
242 -25.50972 -54.61111 Paraguay 320,782 Ciudad del Este
23%
224 52.4345 30.9754 Belarus 480,951 Gomel
23%
702 1.55 110.33333 Malaysia 570,407 Kuching
23%
462 -15.11646 39.2666 Mozambique 388,526 Nampula
23%
70 49.83465 18.28204 Czech Republic 313,088 Ostrava
23%
364 16.75973 -93.11308 Mexico 537,102 Tuxtla
23%
121 31.27998863 48.72001298 Iran 1,320,000 Ahvaz
19%
241 8.35122 -62.64102 Venezuela 746,535 Ciudad Guayana
19%
250 36.70904 67.11087 Afghanistan 303,282 Mazar
19%
190 27.47629 -99.51639 Mexico 373,725 Nuevo Laredo
19%
232 25.62495913 85.13003861 India 2,575,000 Patna
19%
230 -3.36667 36.68333 Tanzania 341,136 Arusha
15%
241 -1.24204 116.89419 Indonesia 700,000 Balikpapan
15%
33 1.056 104.042 Indonesia 1,330,000 Batam
15%
241 29.1026 -110.97732 Mexico 715,061 Hermosillo
15%
21 1.4655 103.7578 Malaysia 802,489 Johor Bahru
15%
193 51.73733 36.18735 Russia 409,431 Kursk
15%
263 42.97638 47.50236 Russia 497,959 Makhachkala
15%
315 -2.51667 32.9 Tanzania 436,801 Mwanza
15%
322 22.81998822 108.3200443 China 3,525,000 Nanning
15%
382 52.28333 76.96667 Kazakhstan 329,002 Pavlodar
15%
125 54.7818 32.0401 Russia 320,991 Smolensk
15%
146 43.03667 44.66778 Russia 317,370 Vladikavkaz
15%
50 30.3392 48.3043 Iran 370,180 Abadan
12%
222 27.1865 56.2808 Iran 352,173 Bandar Abbas
12%
302 26.16001691 91.76999508 India 1,100,000 Guwahati
12%
513 1.48218 124.84892 Indonesia 451,893 Manado
12%
207 -0.03194 109.325 Indonesia 455,173 Pontianak
12%
274 -27.46056 -58.98389 Argentina 387,158 Resistencia
12%
112 42.3 69.6 Kazakhstan 414,032 Shymkent
12%
71 50.61074 36.58015 Russia 345,289 Belgorod
8%
166 40.68278 46.36056 Azerbaijan 313,300 Ganja
8%
283 9.30143 13.39771 Cameroon 436,899 Garoua
8%
163 34.68139 -1.90858 Morocco 405,253 Oujda-Angad
8%
208 1.21361 -77.28111 Colombia 382,236 Pasto
8%
282 0.564964212 101.425013 Indonesia 1,310,000 Pekanbaru
8%
259 26.71004 88.42851 India 515,574 Siliguri
8%
342 13.06269 5.24322 Nigeria 563,861 Sokoto
8%
385 49.97143 82.60586 Kazakhstan 319,067 Ust-Kamenogorsk
8%
241 10.13625 -64.68618 Venezuela 424,795 Barcelona
4%
105 51.50551 31.28487 Ukraine 307,684 Chernihiv
4%
135 53.6884 23.8258 Belarus 317,365 Hrodna
4%
41 32.73569 74.86911 India 465,567 Jammu
4%
272 15.45099 36.39998 Sudan 401,477 Kassala
4%
361 18.3 42.73333 Saudi Arabia 387,553 Khamis Mushait
4%
147 -12.80243 28.21323 Zambia 400,914 Kitwe
4%
288 -27.36708 -55.89608 Argentina 323,739 Posadas
4%
14 26.08061 -98.28835 Mexico 589,466 Reynosa
4%
395 28.3998 36.57151 Saudi Arabia 455,450 Tabuk
4%
225 41.79556 129.77583 North Korea 327,000 Chongjin
0%
80 25.87972 -97.50417 Mexico 449,815 Heroica Matamoros
0%
329 44.05305 80.87173 China 360,000 Huocheng
0%
42 37.97083 126.55444 North Korea 338,155 Kaesŏng
0%
271 34.3838 47.0553 Iran 766,706 Kahrīz
0%
4 12.07689 15.03063 Cameroon 435,547 Kousséri
0%
181 24.374 88.60114 Bangladesh 700,133 Rājshāhi
0%
231 35.40417 8.12417 Algeria 634,332 Tébessa
0%
125 42.9075 129.50778 China 326,957 Yanji
0%
No matching quizzes found
Score Distribution
Percent of People with Each Score
Percentile by Number Answered
Your Score History
You have not taken this quiz